<?xml version="1.0" encoding="UTF-8"?>
<record
    xmlns:xsi="http://www.w3.org/2001/XMLSchema-instance"
    xsi:schemaLocation="http://www.loc.gov/MARC21/slim http://www.loc.gov/standards/marcxml/schema/MARC21slim.xsd"
    xmlns="http://www.loc.gov/MARC21/slim">

  <leader>02342nam a2200313Ia 4500</leader>
  <controlfield tag="003">OSt</controlfield>
  <controlfield tag="005">20210108120617.0</controlfield>
  <controlfield tag="008">191128s2015    sp aod gr     000 0dspa d</controlfield>
  <datafield tag="020" ind1=" " ind2=" ">
    <subfield code="a">9788415986775</subfield>
  </datafield>
  <datafield tag="040" ind1=" " ind2=" ">
    <subfield code="a">CO-JMCR</subfield>
    <subfield code="c">CO-JMCR</subfield>
  </datafield>
  <datafield tag="041" ind1="0" ind2=" ">
    <subfield code="a">spa</subfield>
  </datafield>
  <datafield tag="082" ind1="0" ind2="4">
    <subfield code="a">658.83 /</subfield>
    <subfield code="b">M562i</subfield>
    <subfield code="2">23</subfield>
  </datafield>
  <datafield tag="100" ind1="1" ind2=" ">
    <subfield code="a">Merino Sanz, Mar&#xED;a Jes&#xFA;s, </subfield>
    <subfield code="e">autora</subfield>
    <subfield code="9">12799</subfield>
  </datafield>
  <datafield tag="245" ind1="1" ind2="0">
    <subfield code="a">Introducci&#xF3;n a la investigaci&#xF3;n de mercados / </subfield>
    <subfield code="c">Mar&#xED;a Jes&#xFA;s Merino Sanz, Teresa Pintado Blanco, Joaqu&#xED;n S&#xE1;nchez Herrera [y 1 m&#xE1;s]</subfield>
  </datafield>
  <datafield tag="250" ind1=" " ind2=" ">
    <subfield code="a">Segunda edici&#xF3;n</subfield>
  </datafield>
  <datafield tag="260" ind1=" " ind2=" ">
    <subfield code="a">Madrid : </subfield>
    <subfield code="b">ESIC, </subfield>
    <subfield code="c">2015</subfield>
  </datafield>
  <datafield tag="300" ind1=" " ind2=" ">
    <subfield code="a">206 p&#xE1;ginas : </subfield>
    <subfield code="b">fotograf&#xED;as y gr&#xE1;ficos a blanco y negro ; </subfield>
    <subfield code="c">24 cm.</subfield>
  </datafield>
  <datafield tag="490" ind1="0" ind2=" ">
    <subfield code="a">Libros profesionales de empresa</subfield>
  </datafield>
  <datafield tag="500" ind1=" " ind2=" ">
    <subfield code="a">Incluye datos biogr&#xE1;ficos de los autores. </subfield>
  </datafield>
  <datafield tag="504" ind1=" " ind2=" ">
    <subfield code="a">Bibliograf&#xED;a al final de cada cap&#xED;tulo.</subfield>
  </datafield>
  <datafield tag="505" ind1="0" ind2=" ">
    <subfield code="a">Qu&#xE9; es la investigaci&#xF3;n de mercados -- Investigaci&#xF3;n exploratoria -- Investigaci&#xF3;n descriptiva -- El cuestionario -- Muestreo y trabajo de campo -- An&#xE1;lisis de datos -- Preparaci&#xF3;n de informes</subfield>
  </datafield>
  <datafield tag="520" ind1="3" ind2=" ">
    <subfield code="a">La investigaci&#xF3;n de mercados es actualmente una herramienta fundamental para la gesti&#xF3;n empresarial, es esencial para entender los mercados, para contrastar y confirmar tendencias, para definir estrategias y l&#xED;neas de actuaci&#xF3;n presentes y futuras, y finalmente, y no por ello menos importante, para controlar resultados. Las empresas necesitan informaci&#xF3;n.
El m&#xE9;todo did&#xE1;ctico con que ha sido concebida esta obra, la convierte en un valioso instrumento para la ense&#xF1;anza de esta materia, tanto para estudiantes como para profesionales que se est&#xE9;n introduciendo en este campo. Sus autores, son excelentes profesionales que hacen compatible su labor profesional en la empresa con la dedicaci&#xF3;n a la docencia.
Su estructura facilita la lectura y la comprensi&#xF3;n de la materia, ya que todos los cap&#xED;tulos siguen la misma. Comienza con unos objetivos del cap&#xED;tulo y finaliza con un resumen de los t&#xE9;rminos clave, un ejemplo de un caso pr&#xE1;ctico real, una excelente ayuda para los profesores, y se cierra con notas bibliogr&#xE1;ficas.
</subfield>
  </datafield>
  <datafield tag="650" ind1="1" ind2="4">
    <subfield code="a">Marketing </subfield>
    <subfield code="9">12800</subfield>
  </datafield>
  <datafield tag="650" ind1="1" ind2="4">
    <subfield code="a">Investigaci&#xF3;n de mercado </subfield>
    <subfield code="9">12801</subfield>
  </datafield>
  <datafield tag="650" ind1="1" ind2="4">
    <subfield code="a">Publicidad</subfield>
    <subfield code="9">12802</subfield>
  </datafield>
  <datafield tag="700" ind1="1" ind2=" ">
    <subfield code="a">Pintado Blanco, Teresa, </subfield>
    <subfield code="e">autora </subfield>
    <subfield code="9">12803</subfield>
  </datafield>
  <datafield tag="700" ind1="1" ind2=" ">
    <subfield code="a">S&#xE1;nchez Herrera, Joaqu&#xED;n, </subfield>
    <subfield code="e">autor</subfield>
    <subfield code="9">12804</subfield>
  </datafield>
  <datafield tag="942" ind1=" " ind2=" ">
    <subfield code="2">ddc</subfield>
    <subfield code="c">BK</subfield>
  </datafield>
  <datafield tag="999" ind1=" " ind2=" ">
    <subfield code="c">4785</subfield>
    <subfield code="d">4785</subfield>
  </datafield>
  <datafield tag="952" ind1=" " ind2=" ">
    <subfield code="0">0</subfield>
    <subfield code="1">0</subfield>
    <subfield code="2">ddc</subfield>
    <subfield code="4">0</subfield>
    <subfield code="7">0</subfield>
    <subfield code="8">NFIC</subfield>
    <subfield code="a">CPL</subfield>
    <subfield code="b">CPL</subfield>
    <subfield code="d">2018-04-15</subfield>
    <subfield code="e">Donaci&#xF3;n</subfield>
    <subfield code="o">658.83 / M562i</subfield>
    <subfield code="p">430000389</subfield>
    <subfield code="r">2024-05-16 00:00:00</subfield>
    <subfield code="t">Ej.1</subfield>
    <subfield code="y">BK</subfield>
  </datafield>
</record>
